000 00581nam a2200229 a 4500
999 _c6120
_d6120
001 6120
003 BD-JhCC
005 20200121134008.0
008 180102s e |||| || | 001 0 eng d
035 _a(BD-JhCC)6120
040 _aBD-JhCC
_dBD-JhCC
041 _aeng
082 _a370.1
_bNIB
100 _aNiblett, W. R.
245 _aEducation and the Modern Mind /
_cW. R. Niblett,
260 _aLondon :
_bFaber and Faber,
300 _a155 p. :
_c18 cm.
504 _aIncludes Bibliography
650 _aEducation
_vPhilosophy
942 _2ddc
_cBK
_01